| 000 | 01522cad a22002295a 4500 | ||
|---|---|---|---|
| 001 | L156744 | ||
| 008 | 120709s2012 xxk f 000 0 eng d | ||
| 035 | _a(Sirsi) u156744 | ||
| 041 | 0 | _aeng | |
| 110 | 2 |
_aUnited Kingdom _bDepartment for Business, Innovation and Skills _95760 |
|
| 245 | 0 | 0 |
_aEncouraging new business models _bProposal to amend Estate Agents Act 1979 _h[electronic resource] |
| 260 |
_aLondon _bBIS _c2012 |
||
| 520 | _aOutlines plans to amend the definition of estate agency work in the Estate Agent Act 1979 in the light of changing business practices in the home buying and selling market. The current definition, which predates the internet and the growth in online property businesses is felt to be out of date and too restrictive and is stopping the development of new business models within the property industry. It is proposed that online sites which as act as passive intermediaries between buyers and sellers should be outside the scope of the Act whilst businesses which offer personalised advice to buyers or sellers or handle money belonging to clients should remain within the scope of the Act. | ||
| 520 | _aConsultation closes 10 August 2012. | ||
| 590 | _aKA | ||
| 650 | 2 | 4 | _aESTATE AGENTS ACT 1979 |
| 651 | 4 | _aUnited Kingdom | |
| 690 |
_aSales _96269 |
||
| 690 |
_aResidential property _96266 |
||
| 856 | 4 | 0 |
_uhttps://bis.gov.uk/assets/biscore/consumer-issues/docs/p/12-931-proposal-amend-estate-agents-act-1979.pdf _zView the item free of charge from www.bis.gov.uk |
| 942 | _n0 | ||
| 999 |
_c114394 _d114394 |
||